Marketing in Asia/ (Record no. 957)

MARC details
000 -LEADER
fixed length control field 00732nam a22002417a 4500
003 - CONTROL NUMBER IDENTIFIER
control field OSt
005 - DATE AND TIME OF LATEST TRANSACTION
control field 20250813070613.0
008 - FIXED-LENGTH DATA ELEMENTS--GENERAL INFORMATION
fixed length control field 240620b |||||||| |||| 00| 0 eng d
020 ## - INTERNATIONAL STANDARD BOOK NUMBER
International Standard Book Number 978-981-4826-04-0
040 ## - CATALOGING SOURCE
Original cataloging agency DWCL-Main Lib.
Transcribing agency OC
082 ## - DEWEY DECIMAL CLASSIFICATION NUMBER
Classification number Circ. 658.8 M345 2013
100 ## - MAIN ENTRY--PERSONAL NAME
Personal name Kerin, Roger A.
245 ## - TITLE STATEMENT
Title Marketing in Asia/
Statement of responsibility, etc. Roger A. Kerin [and three others]
250 ## - EDITION STATEMENT
Edition statement Second edition
260 ## - PUBLICATION, DISTRIBUTION, ETC.
Place of publication, distribution, etc. New York :
Name of publisher, distributor, etc. McGraw-Hill Education,
Date of publication, distribution, etc. c2013.
300 ## - PHYSICAL DESCRIPTION
Extent lvi, 822 pages :
Other physical details illustrations ;
Dimensions 26cm.
504 ## - BIBLIOGRAPHY, ETC. NOTE
Bibliography, etc. note Includes index.<br/>
650 ## - SUBJECT ADDED ENTRY--TOPICAL TERM
Topical term or geographic name entry element 1. Marketing.
700 ## - ADDED ENTRY--PERSONAL NAME
Personal name Theng, Lau Geok
700 ## - ADDED ENTRY--PERSONAL NAME
Personal name Hartley, Steven W.
700 ## - ADDED ENTRY--PERSONAL NAME
Personal name Rudelius, William
942 ## - ADDED ENTRY ELEMENTS (KOHA)
Source of classification or shelving scheme Dewey Decimal Classification
Koha item type Book Circulation
Call number prefix Circ.
Suppress in OPAC No
Edition Second edition
952 ## - LOCATION AND ITEM INFORMATION (KOHA)
--
Holdings
Withdrawn status Lost status Source of classification or shelving scheme Damaged status Not for loan Home library Current library Shelving location Date acquired Source of acquisition Total Checkouts Full call number Barcode Date last seen Copy number Price effective from Koha item type Uniform Resource Identifier
    Dewey Decimal Classification     College Library College Library Circulation 10/17/2023 Replacement   Circ. 658.8 M345 2013 CL53979 06/20/2024 c1 06/20/2024 BK-CIRC